| 000 | 00713nas a2200229 4500 | ||
|---|---|---|---|
| 001 | BR7801384 | ||
| 003 | BR-BrBNA | ||
| 005 | 20231205083347.0 | ||
| 007 | ta | ||
| 008 | 230509b bl.|||p| |||| 00| 00por d | ||
| 040 |
_aBR-BrBNA _bpor _cBiblioteca Nacional de Agricultura |
||
| 041 | _a(Pt) | ||
| 072 | _aP10; F10 | ||
| 100 | 1 | _aMilde, L.C.E. | |
| 245 | 1 | _aAnalise das disponibilidades hidricas e formula climatica para o municipio de Bandeirantes, estado do Parana, e limitrofes | |
| 650 | _aHIDROLOGIA | ||
| 650 | _aCLIMA | ||
| 650 | _aPARANÁ | ||
| 773 | 0 |
_tPoliagro (Brazil) _xISSN 0100-3461 _g(Feb 1977), v. 1(1) p. 26-32 _wBR7801384 |
|
| 909 |
_a202311 _bLúcia _c55 _dLúcia Elande |
||
| 942 |
_2AGRIS _n0 _cANA |
||
| 999 |
_c98226 _d98226 |
||